[Event "Høstturnering"]
[Site "Alta"]
[Date "2006.10.17"]
[Round "7"]
[White "Malin, Øyvind"]
[Black "Luostarinen, Asmo"]
[Result "0-1"]
[WhiteElo "600"]
[BlackElo "982"]
[PlyCount "64"]
[EventDate "2006.??.??"]

1. e4 c5 2. Nf3 Nc6 3. d4 cxd4 4. Nxd4 Nf6 5. Nxc6 bxc6 6. Nc3 e5 7. Bc4 Bb4 8.
Bd2 O-O 9. O-O Bb7 10. Re1 a5 11. a3 Be7 12. h3 Qc7 13. Bg5 h6 14. Bxf6 Bxf6
15. Qf3 a4 16. Ne2 d6 17. Ng3 Bc8 18. Nh5 Bg5 19. Qg3 Kh8 20. h4 g6 21. hxg5
gxh5 22. gxh6 f5 23. Qg6 Ra7 24. Rad1 fxe4 25. f3 Qb6+ 26. Kh1 exf3 27. gxf3
Qf2 28. Rg1 Qxf3+ 29. Kh2 Qf4+ 30. Kh1 Qh4+ 31. Kg2 Bh3+ 32. Kh2 Bf5+ 0-1

[Event "Høstturnering"]
[Site "Alta"]
[Date "2006.10.24"]
[Round "8"]
[White "Mikalsen, Erlend"]
[Black "Bjerring, Dennis A."]
[Result "1-0"]
[WhiteElo "1073"]
[BlackElo "824"]
[PlyCount "120"]
[EventDate "2006.??.??"]

1. e4 e5 2. Bc4 Nf6 3. d3 d6 4. Nc3 Nc6 5. Bg5 Be7 6. Nge2 Bg4 7. f3 Bd7 8. g4
a6 9. Qd2 b5 10. Bb3 O-O 11. h4 Be6 12. O-O-O Bxb3 13. cxb3 h6 14. Bxf6 Bxf6
15. Nd5 Bxh4 16. Kb1 Bg5 17. Qe1 Ne7 18. Nxe7+ Qxe7 19. Ng3 Qf6 20. Nf5 c5 21.
Rh3 Rad8 22. Qf2 Bf4 23. Rdh1 Rd7 24. Ne3 Qg5 25. Nd5 Qg6 26. Nxf4 exf4 27. Rh5
f6 28. Qd2 Re7 29. Qxf4 Re5 30. R5h4 Qg5 31. Qg3 Qe3 32. Rd1 Qe2 33. Rhh1 Qe3
34. d4 cxd4 35. Rhe1 Qg5 36. f4 Qg6 37. fxe5 dxe5 38. Qh3 Rc8 39. Qh5 Qh7 40.
Qf5 Qxf5 41. gxf5 Kf8 42. Rc1 Ra8 43. Rc7 Rd8 44. Rec1 d3 45. Rc8 Rxc8 46.
Rxc8+ Ke7 47. Rc5 h5 48. Rd5 g5 49. fxg6 Kf8 50. Rxd3 Kg7 51. Rg3 h4 52. Rh3
Kxg6 53. Rxh4 Kg5 54. Rh1 f5 55. Rg1+ Kf6 56. exf5 Kxf5 57. Kc2 Ke4 58. Rg6 Kd4
59. Rxa6 e4 60. Re6 Ke3 1-0

[Event "Høstturnering"]
[Site "Alta"]
[Date "2006.10.24"]
[Round "8"]
[White "Rist, Karl-Johan"]
[Black "Luostarinen, Asmo"]
[Result "0-1"]
[WhiteElo "1256"]
[BlackElo "982"]
[PlyCount "114"]
[EventDate "2006.??.??"]

1. d4 Nf6 2. Nc3 e6 3. e4 Bb4 4. Bd3 Nc6 5. Nf3 O-O 6. Bg5 Be7 7. Qd2 d5 8. e5
Nd7 9. Qe3 Nb4 10. Bxe7 Nxd3+ 11. Qxd3 Qxe7 12. h4 f6 13. exf6 Nxf6 14. O-O-O
Bd7 15. Rde1 a6 16. Ne5 Bb5 17. Qe3 b6 18. h5 Be8 19. g4 Qd6 20. f4 Nd7 21.
Ref1 Nxe5 22. fxe5 Qe7 23. g5 Rxf1+ 24. Rxf1 Bxh5 25. Kb1 Bg6 26. Ne2 Rf8 27.
Rg1 Qf7 28. b3 Qf3 29. Qd2 Qe4 30. Nc3 Qf4 31. Qd1 Qf3 32. Qe1 Qf2 33. Qc1 Rf3
34. Na4 Qxd4 35. Re1 Rf2 36. Qe3 Qxe3 37. Rxe3 Rxc2 38. Ka1 Rc1+ 39. Kb2 Rc2+
40. Ka3 a5 41. Nb2 c5 42. Na4 b5 43. Nb6 Be8 44. b4 axb4+ 45. Kb3 Rg2 46. a3
bxa3 47. Kxa3 Rxg5 48. Nc8 h5 49. Nd6 b4+ 50. Kb3 Bc6 51. Nc8 Bb5 52. Nd6 Ba6
53. Ne8 h4 54. Ka4 Rg3 55. Nf6+ gxf6 56. exf6 Rxe3 57. f7+ Kxf7 0-1

[Event "Høstturnering"]
[Site "Alta"]
[Date "2006.10.24"]
[Round "8"]
[White "Rasmussen, Rikard"]
[Black "Bakke, Jan Gunnar"]
[Result "1-0"]
[WhiteElo "1087"]
[BlackElo "1179"]
[PlyCount "75"]
[EventDate "2006.??.??"]

1. d4 Nf6 2. c4 d5 3. e3 e6 4. Nf3 Nc6 5. Nc3 Be7 6. cxd5 exd5 7. Bd3 Bg4 8. h3
Be6 9. O-O a6 10. Qc2 Nb4 11. Qd2 Nxd3 12. Qxd3 Qc8 13. Ne2 Bf5 14. Qb3 c6 15.
Ng3 Bg6 16. Ne5 Nh5 17. Nxg6 hxg6 18. e4 Nxg3 19. fxg3 Qd7 20. exd5 cxd5 21.
Qf3 O-O 22. Bf4 Rac8 23. Rac1 Bb4 24. Qe3 Rfe8 25. Rxc8 Rxc8 26. Rc1 Rc6 27.
Rxc6 bxc6 28. Qe5 Kh7 29. Qc7 Qe6 30. Kh2 f6 31. g4 g5 32. Bg3 a5 33. a3 Bd2
34. Qb6 Be3 35. Qc5 Bd2 36. Qc2+ Kg8 37. Qxd2 Qe4 38. Qc3 1-0

[Event "Høstturnering"]
[Site "Alta"]
[Date "2006.10.24"]
[Round "8"]
[White "Arild, Steinar"]
[Black "Isaksen, Eirik Nymo"]
[Result "0-1"]
[WhiteElo "1149"]
[BlackElo "1349"]
[PlyCount "102"]
[EventDate "2006.??.??"]

1. e4 e5 2. Nf3 Nc6 3. Bc4 Nf6 4. Nc3 Nxe4 5. Bxf7+ Kxf7 6. Nxe4 Be7 7. d3 Rf8
8. Bg5 Kg8 9. Bxe7 Qxe7 10. Nfg5 d5 11. Nxh7 Kxh7 12. Qh5+ Kg8 13. Ng5 Bf5 14.
g4 Qb4+ 15. c3 Qxg4 16. Qxg4 Bxg4 17. Rf1 Rae8 18. f3 Bh5 19. O-O-O Rf5 20. h4
Rf4 21. Rh1 Bxf3 22. Nxf3 Rxf3 23. Rdg1 e4 24. dxe4 dxe4 25. h5 Kf7 26. h6 gxh6
27. Rxh6 e3 28. Rh7+ Kf6 29. Rh6+ Ke5 30. Rh5+ Kd6 31. Rd1+ Ke6 32. Rh6+ Rf6
33. Rh3 e2 34. Re1 Rf1 35. Kd2 Rxe1 36. Kxe1 Kd7 37. Rh2 Kc8 38. Rxe2 Rxe2+ 39.
Kxe2 Kd7 40. Kd3 Ne5+ 41. Kd4 Kd6 42. b4 b6 43. c4 c5+ 44. Kc3 cxb4+ 45. Kxb4
Nd3+ 46. Kb5 Nc5 47. a4 Nxa4 48. Kxa4 Kc5 49. Kb3 a5 50. Kc3 a4 51. Kd3 Kb4 0-1

[Event "Høstturnering"]
[Site "Alta"]
[Date "2006.10.24"]
[Round "8"]
[White "Solberg, Joachim"]
[Black "Mikalsen, Odd Erling"]
[Result "1-0"]
[WhiteElo "2149"]
[BlackElo "1629"]
[PlyCount "81"]
[EventDate "2006.??.??"]

1. e4 c6 2. d4 d5 3. exd5 cxd5 4. c4 Nf6 5. Nc3 g6 6. cxd5 Bg7 7. Bc4 O-O 8.
Nf3 Nbd7 9. O-O Nb6 10. Bb3 Nbxd5 11. h3 e6 12. Bg5 Nxc3 13. bxc3 Qa5 14. c4
Ne4 15. Be3 b6 16. Qd3 Bb7 17. Rac1 Rfd8 18. Qb1 Rac8 19. Rfd1 Nc3 20. Rxc3
Qxc3 21. Bd2 Bxf3 22. Bxc3 Bxd1 23. Qxd1 Rd6 24. Qa1 a5 25. a4 h6 26. g3 Bf6
27. Kg2 h5 28. h4 Bg7 29. Qb2 Bf6 30. Ba2 Rcd8 31. d5 Bxc3 32. Qxc3 Rc8 33. Qe5
Rcd8 34. c5 bxc5 35. dxe6 fxe6 36. Qxc5 Kf7 37. Qxa5 Rd2 38. Bc4 R8d4 39. Qc3
Kf6 40. a5 e5 41. a6 1-0

[Event "Høstturnering"]
[Site "Alta"]
[Date "2006.10.31"]
[Round "9"]
[White "Bakke, Jan Gunnar"]
[Black "Isaksen, Eirik Nymo"]
[Result "0-1"]
[WhiteElo "1179"]
[BlackElo "1349"]
[PlyCount "69"]
[EventDate "2006.??.??"]

1. d4 Nf6 2. c4 g6 3. Nc3 Bg7 4. Nf3 O-O 5. Bf4 d6 6. e3 Nh5 7. Bg5 Nf6 8. Be2
Nbd7 9. Qc2 c5 10. O-O b6 11. Rad1 cxd4 12. exd4 Bb7 13. Ne1 Rc8 14. b3 d5 15.
Qb1 dxc4 16. bxc4 Nb8 17. d5 Nbd7 18. Nb5 a6 19. Na7 Ra8 20. Nc6 Qc7 21. Nxe7+
Kh8 22. g3 Qe5 23. Nxg6+ fxg6 24. Bxf6 Rxf6 25. Bf3 Nc5 26. Bg2 Raf8 27. Nd3
Nxd3 28. Rxd3 Qd6 29. Qb3 Qc5 30. Qc2 Qd6 31. Qb3 R6f7 32. Qc2 Rc8 33. Rc1 Rfc7
34. Bf1 b5 35. Qb3 0-1

[Event "Høstturnering"]
[Site "Alta"]
[Date "2006.10.31"]
[Round "9"]
[White "Rist, Karl-Johan"]
[Black "Arild, Steinar"]
[Result "0-1"]
[WhiteElo "1256"]
[BlackElo "1149"]
[PlyCount "118"]
[EventDate "2006.??.??"]

1. d4 d5 2. Nc3 e6 3. e4 Nf6 4. e5 Nfd7 5. Bd3 c5 6. Be3 Nc6 7. Bb5 cxd4 8.
Bxc6 dxe3 9. Bxd7+ Bxd7 10. fxe3 Qg5 11. Qe2 Qxe5 12. Nf3 Qc7 13. O-O a6 14. a4
Bb4 15. Qd3 Bxc3 16. bxc3 O-O 17. Ng5 g6 18. e4 Qe5 19. Qd2 Bc6 20. exd5 Qxd5
21. Qxd5 Bxd5 22. a5 Rac8 23. Ra3 Rc5 24. Re1 Bxg2 25. Nxe6 fxe6 26. Kxg2 Rg5+
27. Kh1 Rf2 28. Ra4 Rxc2 29. Rae4 Rxc3 30. Rxe6 Rc7 31. R6e5 Rxe5 32. Rxe5 Kf7
33. Kg2 Rc6 34. Kg3 b5 35. axb6 Rxb6 36. Ra5 Ke6 37. Kf4 h6 38. h4 Kd6 39. Ke4
Kc6 40. Kf4 Rb4+ 41. Kg3 Kb6 42. Re5 Rc4 43. Re6+ Rc6 44. Re8 h5 45. Kf4 Kb5
46. Kg5 a5 47. Re1 Ra6 48. Re5+ Kc4 49. Re4+ Kb3 50. Re3+ Kc2 51. Re2+ Kd3 52.
Ra2 a4 53. Ra3+ Kc2 54. Rf3 a3 55. Rf2+ Kd3 56. Ra2 Kc3 57. Rg2 a2 58. Rg3+ Kd2
59. Rg2+ Ke3 0-1

[Event "Høstturnering"]
[Site "Alta"]
[Date "2006.10.31"]
[Round "9"]
[White "Bjerring, Dennis A."]
[Black "Jørgensen, Bengt Arne"]
[Result "0-1"]
[WhiteElo "824"]
[BlackElo "1139"]
[PlyCount "72"]
[EventDate "2006.??.??"]

1. d4 d5 2. c4 dxc4 3. e4 g6 4. Bxc4 Bg7 5. Nf3 Bg4 6. Be3 e6 7. O-O Bxf3 8.
Qxf3 Bxd4 9. Bxd4 Qxd4 10. Qc3 Nc6 11. Bb5 Qxc3 12. Nxc3 Nge7 13. Rad1 O-O 14.
Bxc6 Nxc6 15. Nb5 Rad8 16. Nxc7 a6 17. Rc1 Rc8 18. Rxc6 bxc6 19. Nxa6 Ra8 20.
Nb4 c5 21. Nd3 Rxa2 22. Nxc5 Rxb2 23. Nd7 Rd8 24. Nf6+ Kg7 25. Ng4 Rd4 26. f3
h5 27. Nf2 e5 28. Rc1 Rdd2 29. Rf1 f5 30. g4 hxg4 31. fxg4 fxe4 32. Re1 Rxf2
33. Rxe4 Rg2+ 34. Kf1 Rxh2 35. Kg1 Rhe2 36. Rxe2 Rxe2 0-1

[Event "Høstturnering"]
[Site "Alta"]
[Date "2006.10.31"]
[Round "9"]
[White "Rasmussen, Rikard"]
[Black "Mikalsen, Erlend"]
[Result "1/2-1/2"]
[WhiteElo "1087"]
[BlackElo "1073"]
[PlyCount "49"]
[EventDate "2006.??.??"]

1. Nf3 f5 2. d4 d6 3. c4 Nf6 4. Nc3 g6 5. Bg5 Nbd7 6. Qd2 Bg7 7. Bh6 O-O 8.
Bxg7 Kxg7 9. e3 e5 10. dxe5 dxe5 11. Be2 c6 12. Rd1 Qe7 13. O-O e4 14. Nd4 Ne5
15. Qc2 Be6 16. Nxe6+ Qxe6 17. Rd2 Nxc4 18. Qb3 b5 19. Bxc4 Qxc4 20. Qxc4 bxc4
21. Rd4 Rab8 22. Rxc4 Rfc8 23. b3 Nd5 24. Rc1 Nb4 25. h3 1/2-1/2

[Event "Høstturnering"]
[Site "Alta"]
[Date "2006.10.31"]
[Round "9"]
[White "Luostarinen, Asmo"]
[Black "Solberg, Joachim"]
[Result "0-1"]
[WhiteElo "982"]
[BlackElo "2149"]
[PlyCount "48"]
[EventDate "2006.??.??"]

1. e4 c5 2. Nf3 e6 3. d4 cxd4 4. Nxd4 Bc5 5. Nc3 Qb6 6. Be3 Nc6 7. Na4 Qa5+ 8.
Nc3 Bxd4 9. Bxd4 Nf6 10. Bxf6 gxf6 11. Be2 a6 12. O-O Qb4 13. Rb1 b5 14. Qd2 h5
15. Rfd1 h4 16. a3 Qc5 17. h3 Rb8 18. Qf4 Qe5 19. Qxe5 fxe5 20. Rd2 Nd4 21. Bd1
Bb7 22. f3 Rg8 23. Be2 Rc8 24. b4 Rxc3 0-1